000 01951nam a2200265 i 4500
003 DO-SdBNP
005 20250407144107.0
007 ta
008 100211s1977 dr c 000 0 spa d
040 _aDO-SdBNP
_bspa
_cBNPHU
_erda
082 4 _a320. 97293
_bT231d 1977
_222
100 1 _aTavárez Justo, Manolo,
_d1931-1963
_eautor
_4aut.
_935025
245 1 0 _aDiscursos políticos /
_cManolo Tavárez Justo.
264 1 _aSanto Domingo :
_bComite Permanente Pro-Homejane a Manolo Tavárez,
_c1983.
300 _a84 páginas :
_bretratos ;
_c20 cm.
336 _atexto
_btxt
_2rdacontent
337 _asin mediación
_bn
_2rdamedia
338 _avolumen
_bnc
_2rdacarrier
505 0 _aPresentación --
_tDiscurso ante la Asamblea del Movimiento Revolucionario 14 de Junio. 30 de julio de 1961 --
_tDiscurso en la concentración celebrada por el 14 de Junio el 19 de agosto de 1961 en el parque Duarte de la ciudad de Santiago --
_tDiscurso pronunciado en el acto celebrado por el 14 de Junio en el Parque Colón de la ciudad capital el 16 de septiembre de 1961 --
_tTexto de salutación emitida por la voz del Trópico al regresar al país, tras presidir la misión del 14 de Junio, que propugnó por el mantenimiento de las sanciones del gobierno del Dr. Balaguer --
_t Discurso pronunciado por Manolo Tavárez en la gran concentración celebrada el 14 de junio de 1962 en el Parque Independencia --
_t Informe inédito de Manolo Tavárez ante la Primera Asamblea Extraordinaria de la Agrupación Política 14 de Junio celebrada el 8 de diciembre de 1962 en la ciudada capital --
_tDiscurso pronunciado el 14 de junio de 1963 por Manolo Tavárez en el aniversario de la gesta del 14 de junio de 1959.
590 _aInventariado, 2025/BT
600 1 4 _aTavárez Justo Manolo,
_d1931-1963
_xDiscursos
_971488
651 4 _aRepública Dominicana
_xPolítica y gobierno
_xEnsayos, conferencias, etc.
_y1961-1963
_935028
910 _aBtavárez
942 _2ddc
_cLBS1
999 _c58649
_d58649